000 00481nam a22001577a 4500
999 _c36201
_d36201
008 160504b xxu||||| |||| 00| 0 eng d
020 _a9789726182733
100 _aHILL, Manuela Magalhaes
245 _aInvestigacao por questionario
_cManuela Magalhaes Hill, Andrew Hill
250 _a2a ed. 5a imp. rev. e cor.
260 _aLisboa
_bEdicoes Silabo
_c2012
300 _a377p
650 _aMetodologia de investigacao
_xQuestionario
700 _aHILL, Andrew
942 _2udc
_cBK